00513nam a22001697a 450000500170000001000150001702000260003203500140005803700090007208200060008110000200008724500560010725000060016326000590016927000920022830000230032020250421105836.0 aENG-144664 c499.00a9789357313185 aEN-128196 bDBAD a5 aRAFIQ,K SHAHINA aTHE MENSTRUAL COUPE:bStories/cBy SHAHINA K. RAFIQ a1 aGURUGRAMbHachette Book Publishing India Pvt.Ltdc2024 bGurugrama4th & 5th Floors, Corporate Centre, Plot No. 94, Sector 44, Gurugram e122003 axv,179p,c20cm(pb)